Electric machinery fundamentals (Record no. 1110)

000 -LEADER
fixed length control field 00674nam a22002294a 4500
001 - CONTROL NUMBER
control field 1110
003 - CONTROL NUMBER IDENTIFIER
control field BD-DhUET
008 - FIXED-LENGTH DATA ELEMENTS--GENERAL INFORMATION
fixed length control field 030923s2005 nyua b 001 0 eng
020 ## - INTERNATIONAL STANDARD BOOK NUMBER
International Standard Book Number 0071151559
040 ## - CATALOGING SOURCE
Original cataloging agency DLC
Transcribing agency DLC
Modifying agency BD-DhUET
082 00 - DEWEY DECIMAL CLASSIFICATION NUMBER
Classification number 623
Item number CHA/2005
100 1# - MAIN ENTRY--PERSONAL NAME
Personal name Chapman, Stephen J.
245 10 - TITLE STATEMENT
Title Electric machinery fundamentals
250 ## - EDITION STATEMENT
Edition statement 4th ed.
260 ## - PUBLICATION, DISTRIBUTION, ETC. (IMPRINT)
Place of publication, distribution, etc. Boston
Name of publisher, distributor, etc. McGraw-Hill
Date of publication, distribution, etc. 2005
300 ## - PHYSICAL DESCRIPTION
Extent xxii, 746p.
Other physical details ill.
Dimensions 24 cm.
500 ## - GENERAL NOTE
General note Includes bibliographies
650 #0 - SUBJECT ADDED ENTRY--TOPICAL TERM
Topical term or geographic name as entry element Electric engineering
856 41 - ELECTRONIC LOCATION AND ACCESS
Uniform Resource Identifier http://www.loc.gov/catdir/toc/mh041/2003065174.html
856 42 - ELECTRONIC LOCATION AND ACCESS
Uniform Resource Identifier http://www.loc.gov/catdir/description/mh041/2003065174.html
942 ## - ADDED ENTRY ELEMENTS (KOHA)
Koha item type General Book
Holdings
Koha date last borrowed Sublocation or collection (holding branch) Piece designation (barcode) Koha issues (times borrowed) Not for loan Koha normalized classification for sorting Location (home branch) Source of classification or shelving scheme Koha renewals Koha full call number Shelving location Price effective from Withdrawn status Copy number Koha item type Damaged status Koha date last seen Lost status Koha out on loan Date acquired
2024-12-18Central Library, BUET10333315 623_000000000000000_CHA_2005Central Library, BUET  623/CHA/2005Circulation section2014-08-30 1General Book 2025-04-16  2014-08-30
2026-03-30Central Library, BUET10333523 623_000000000000000_CHA_2005Central Library, BUET  623/CHA/2005Circulation section2014-08-30 2General Book 2026-04-15  2014-08-30
2016-02-27Central Library, BUET1033362 623_000000000000000_CHA_2005Central Library, BUET  623/CHA/2005Circulation section2014-08-30 3General Book 2016-02-27 2017-02-262014-08-30
2022-11-22Central Library, BUET10333711 623_000000000000000_CHA_2005Central Library, BUET 1623/CHA/2005Circulation section2014-08-30 4General Book 2022-11-22 2022-12-062014-08-30
2025-12-01Central Library, BUET10333917 623_000000000000000_CHA_2005Central Library, BUET  623/CHA/2005Circulation section2015-01-26 5General Book 2025-12-01 2025-12-152015-01-26
2026-01-07Central Library, BUET10334025 623_000000000000000_CHA_2005Central Library, BUET  623/CHA/2005Circulation section2015-12-30 6General Book 2026-02-03  2015-12-30